zpět

Detail výsledku týmu

Chicago Bar & Grill ČT, Liberec

Datum a čas kvízu

36 Celkem bodů Celkový počet nahraných bodů na tomto kvízu bez doplňovacích otázek.
6. Pořadí na kvízu Konečné umístění týmu na tomto kvízu.

Zaznamenané odpovědi

# Otázka Odpověď Body Výsledky
1. Od minulého čtvrtka až do 23.... Kosmova kronika 0
2. Který bývalý evropský preziden... Nicolas Sarkozy 1
3. Do televizní reality show Love... o Daru Rolins 1
4. Do Česka přichází nový módní ř... z Japonska 0
5. Dvěma pilotům formule 1 se min... Carlos Sainz; Charles Leclerc 1
6. Gesto, které vidíme na obrázku... 1B 2C 3A 4D 0
7. Gesto na obrázku znamená v mno... o stoletou válku 1
8. Sheldon Cooper v Teorii velkéh... Spocka a tapíra (ještěra) 1
9. Která dvě písmena české dvouru... CH, R 0.5
10. Na výřezu z obrazu francouzské... paroháč (že je mu žena nevěrná) 0